<?xml version="1.0" encoding="UTF-8"?>
<collection xmlns:xsi="http://www.w3.org/2001/XMLSchema-instance" xsi:schemaLocation="http://www.loc.gov/MARC21/slim http://www.loc.gov/standards/marcxml/schema/MARC21slim.xsd" xmlns="http://www.loc.gov/MARC21/slim">
 <record>
  <leader>00000cam a22000004i 4500</leader>
  <controlfield tag="001">UP-99796217613096766</controlfield>
  <controlfield tag="003">Buklod</controlfield>
  <controlfield tag="005">20190903133905.0</controlfield>
  <controlfield tag="006">a     r    |||| u|</controlfield>
  <controlfield tag="007">ta</controlfield>
  <controlfield tag="008">190903s2016    xx     d     r    |||| u|</controlfield>
  <datafield tag="020" ind1=" " ind2=" ">
   <subfield code="a">9781138026193 (paperback)</subfield>
  </datafield>
  <datafield tag="035" ind1=" " ind2=" ">
   <subfield code="a">(iLib)UPD-00413165870</subfield>
  </datafield>
  <datafield tag="037" ind1=" " ind2=" ">
   <subfield code="a">CAL-13458</subfield>
   <subfield code="b">Linar</subfield>
   <subfield code="c">Php3,105.00</subfield>
   <subfield code="n">DSCTA</subfield>
   <subfield code="n">Prof. Christine Joy A. Magpayo</subfield>
  </datafield>
  <datafield tag="040" ind1=" " ind2=" ">
   <subfield code="a">DL</subfield>
   <subfield code="d">DCAL</subfield>
   <subfield code="e">rda</subfield>
  </datafield>
  <datafield tag="041" ind1=" " ind2=" ">
   <subfield code="a">eng</subfield>
  </datafield>
  <datafield tag="090" ind1=" " ind2=" ">
   <subfield code="a">LB 3051</subfield>
   <subfield code="b">F35 2016</subfield>
  </datafield>
  <datafield tag="245" ind1="0" ind2="0">
   <subfield code="a">Fairness in educational assessment and measurement</subfield>
   <subfield code="c">edited by Neil J. Dorans and Linda L. Cook.</subfield>
  </datafield>
  <datafield tag="264" ind1=" " ind2="1">
   <subfield code="a">New York, NY</subfield>
   <subfield code="b">Routledge</subfield>
   <subfield code="c">2016.</subfield>
  </datafield>
  <datafield tag="300" ind1=" " ind2=" ">
   <subfield code="a">xvi, 311 pages</subfield>
   <subfield code="c">26 cm.</subfield>
  </datafield>
  <datafield tag="336" ind1=" " ind2=" ">
   <subfield code="a">text</subfield>
   <subfield code="2">rdacontent</subfield>
  </datafield>
  <datafield tag="337" ind1=" " ind2=" ">
   <subfield code="a">unmediated</subfield>
   <subfield code="2">rdamedia</subfield>
  </datafield>
  <datafield tag="338" ind1=" " ind2=" ">
   <subfield code="a">volume</subfield>
   <subfield code="2">rdacarrier</subfield>
  </datafield>
  <datafield tag="490" ind1="0" ind2=" ">
   <subfield code="a">NCME applications of educational measurement and assessment book series</subfield>
  </datafield>
  <datafield tag="504" ind1=" " ind2=" ">
   <subfield code="a">Includes bibliographical references and indexes.</subfield>
  </datafield>
  <datafield tag="505" ind1="0" ind2=" ">
   <subfield code="t">Fairness in Test Design and Development / Michael J. Zieky --</subfield>
   <subfield code="t">Maintaining Fairness Through Test Administration / James A. Wollack &amp; Susan M. Case --</subfield>
   <subfield code="t">Fairness in Test Scoring / Randall D. Penfield --</subfield>
   <subfield code="t">Fairness in Score Interpretation / Jinghua Liu &amp; Neil J. Dorans --</subfield>
   <subfield code="t">Commentary on Ensuring Fairness in Test Design, Construction, Administration and Scoring / Sandip Sinharay --</subfield>
   <subfield code="t">The Fairness of Comparing Test Scores Across Different Tests or Modes of Administration / Mary Pommerich --</subfield>
   <subfield code="t">Comparing Test Scores across Grade Levels / Katherine E. Castellano and Michael J. Kolen --</subfield>
   <subfield code="t">Testing Individuals in Special Populations / Elizabeth A. Stone and Linda L. Cook --</subfield>
   <subfield code="t">Comparing Scores from Tests Administered in Different Languages / Stephen G. Sireci, Joseph A. Rios, and Sonya Powers --</subfield>
   <subfield code="t">Commentary on the Assessment of the Fairness of Comparisons under Divergent Measurement Conditions / David Thissen --</subfield>
   <subfield code="t">Fairness Using Derived Scores / Edward Haertel and Andrew Ho --</subfield>
   <subfield code="t">Legal Aspects of Test Fairness / Susan E. Phillips --</subfield>
   <subfield code="t">Philosophical Perspectives on Fairness in Educational Assessment / Rebecca Zwick and Neil J. Dorans --</subfield>
   <subfield code="t">Commentary on &quot;Perspectives on Fair Assessment&quot; / Frank C. Worrell --</subfield>
   <subfield code="t">The Implications of Societal Changes for Fairness Assessment / Neil J. Dorans and Linda L. Cook.</subfield>
  </datafield>
  <datafield tag="650" ind1=" " ind2="0">
   <subfield code="a">Educational tests and measurements</subfield>
   <subfield code="z">United States.</subfield>
  </datafield>
  <datafield tag="650" ind1=" " ind2="0">
   <subfield code="a">Educational evaluation</subfield>
   <subfield code="z">United States.</subfield>
  </datafield>
  <datafield tag="700" ind1="1" ind2=" ">
   <subfield code="a">Dorans, Neil J.</subfield>
   <subfield code="e">editor.</subfield>
  </datafield>
  <datafield tag="700" ind1="1" ind2=" ">
   <subfield code="a">Cook, Linda L.</subfield>
   <subfield code="e">editor.</subfield>
  </datafield>
  <datafield tag="905" ind1=" " ind2=" ">
   <subfield code="a">FO</subfield>
  </datafield>
  <datafield tag="852" ind1="0" ind2=" ">
   <subfield code="a">UPD</subfield>
   <subfield code="b">DCAL</subfield>
   <subfield code="h">LB 3051</subfield>
   <subfield code="i">F35 2016</subfield>
  </datafield>
  <datafield tag="942" ind1=" " ind2=" ">
   <subfield code="a">Book</subfield>
  </datafield>
 </record>
</collection>
